| 000 | 00717nam a22002177a 4500 | ||
|---|---|---|---|
| 005 | 20170124110050.0 | ||
| 010 | _aA-949758 | ||
| 020 |
_c100.00 _a8122500269 |
||
| 035 | _aA-949758 | ||
| 037 | _bCen Lib/Ret | ||
| 040 |
_aDPL _bEN |
||
| 082 |
_a658.5 _bRAT |
||
| 100 |
_aRathnam, P. V _925163 |
||
| 245 |
_aOperations management and control : _cby P. V. Rathnam _btheory, problems and solutions / |
||
| 260 |
_aAllahabad _bKitab Mahal _c1997 |
||
| 270 |
_a22-A, Sarojini Naidu Marg _bAllahabad |
||
| 300 |
_aii,536p. : _c21cmHb) _bill. |
||
| 650 |
_aInformation technology -- India -- Management _925164 |
||
| 650 |
_aInformation technology -- Management _925165 |
||
| 942 |
_2ddc _cEN _h658.5 _mRAT |
||
| 999 |
_c129030 _d129030 |
||